| 000 | 02216cam a22003134a 4500 | ||
|---|---|---|---|
| 001 | 16645702 | ||
| 005 | 20110616152845.0 | ||
| 008 | 110208s2011 moua b 001 0 eng | ||
| 020 | _a9781437725674 (pbk. : alk. paper) | ||
| 035 | _a(DNLM)101553624 | ||
| 040 |
_aDNLM/DLC _cDLC |
||
| 082 | 0 | 0 |
_a610.73069 _222 _bNUR |
| 245 | 0 | 0 |
_aNursing Today : _btransition and trends / _c[edtied by] JoAnn Zerwekh, Ashley Zerwekh Garneau. |
| 250 | _a7th ed. | ||
| 260 |
_aSt. Louis : _bSaunders, _cc2011. |
||
| 300 |
_axxix, 608 p. : _bcol. ill. ; _c24 cm. |
||
| 504 | _aIncludes bibliographical references and index. | ||
| 505 | 0 | _aRole transitions -- Personal management: time and self-care strategies -- Mentorship and preceptorship -- Employment considerations : opportunities, resumes, and interviewing -- NCLEX-RN(r) examination and the new graduate -- Historical perspectives : influences on the present -- Nursing education -- Nursing theory -- Image of nursing : influences of the present -- Challenges of nursing management and leadership -- Building nursing management skills -- Effective communication and team building -- Conflict management -- Delegation in the clinical setting -- The health care organization and patterns of nursing care delivery -- Economics of the health care delivery system -- Political action in nursing -- Collective bargaining : traditional (union) and nontraditional approaches -- Ethical issues -- Legal issues -- Cultural and spiritual awareness -- Quality patient care -- Nursing informatics -- Using nursing research in practice -- Workplace issues -- Emergency preparedness. | |
| 650 | 0 |
_aNursing _xVocational guidance. _928874 |
|
| 650 | 0 |
_aNursing _xSocial aspects. _928875 |
|
| 650 | 1 | 2 |
_aNursing. _928876 |
| 650 | 2 | 2 |
_aVocational Guidance. _928877 |
| 653 |
_bNUR _cFebruary2012 |
||
| 700 | 1 |
_aZerwekh, JoAnn Graham. _928878 |
|
| 700 | 1 |
_aGarneau, Ashley Zerwekh. _928879 |
|
| 942 |
_2ddc _cNRB |
||
| 999 |
_c16457 _d16457 |
||